000 00286nmm a2200097Ia 4500
008 220120s9999||||xx |||||||||||||||||und||
020 _a81-7853-042-2
100 _aPCQ
245 0 _a15 top downloades of 2011, 10 web meeting solutions, 16 esse
260 _aCyber media Pvt. Ltd.
_bBangalore
999 _c139796
_d139796